Central Library OPAC University of Rajshahi

Efficacy of Holistic Approach Rural Development in Bangladesh : (Record no. 80369)

MARC details
000 -LEADER
fixed length control field 00993nam a2200241 a 4500
001 - CONTROL NUMBER
RUCL Control Number 80369
003 - CONTROL NUMBER IDENTIFIER
rucl marc code BD-RjUL
005 - DATE AND TIME OF LATEST TRANSACTION
control field 20230826162610.0
008 - FIXED-LENGTH DATA ELEMENTS--GENERAL INFORMATION
fixed length control field 220915s2013 bg a|||| m||| 00| 0 eng d
035 ## - SYSTEM CONTROL NUMBER
system control number (BD-RjUL)80369
040 ## - CATALOGING SOURCE
Original cataloging agency BD-RjUL
Language of cataloging eng
Transcribing agency BD-RjUL
Modifying agency BD-RjUL
041 ## - LANGUAGE CODE
Language code of Book eng
082 ## - DEWEY DECIMAL CLASSIFICATION NUMBER
DDC Edition number 23
Classification number 354.2794
Author mark and Year MAE 2013
100 ## - MAIN ENTRY--PERSONAL NAME
Personal name Mazumder, Md. Akhtar Hossain
9 (RLIN) 4836
245 10 - TITLE STATEMENT
Title Efficacy of Holistic Approach Rural Development in Bangladesh :
Remainder of title A Study of Comprehensive Village Development Programme (CVDP) /
Statement of responsibility, etc Md. Akhtar Hossain Mazumder
Name of Supervisor/Co-Supervisor Supervisor : Md. Fakrul Islam
260 ## - PUBLICATION, DISTRIBUTION, ETC. (IMPRINT)
Place of publication, distribution, etc Rajshahi :
Name of publisher, distributor, etc Department of Social Work, University of Rajshah,
Date of publication, distribution, etc 2013.
300 ## - PHYSICAL DESCRIPTION
Pagination [3], xviii, 231 leaves :
Other physical details ill.;
Dimensions 29 cm.
502 ## - DISSERTATION NOTE
Dissertation note Thesis (Ph. D.) -- Department of Social Work, University of Rajshahi,2013
504 ## - BIBLIOGRAPHY, ETC. NOTE
Bibliography, etc Bibliography : Leaves 195-208
650 ## - SUBJECT ADDED ENTRY--TOPICAL TERM
Topical term or geographic name as entry element Rural Development
General subdivision Urban Community
Geographic subdivision Bangladesh
9 (RLIN) 4837
700 ## - ADDED ENTRY--SUPERVISOR/CO-SUPERVISOR NAME
Personal name Islam, Md. Fakrul, Supervisor
9 (RLIN) 1395
942 ## - ADDED ENTRY ELEMENTS (KOHA)
Source of classification or shelving scheme Dewey Decimal Classification
Koha item type Theses
Holdings
Source of classification or shelving scheme Damaged status Not for loan Collection code Permanent Location Current Location Shelving location Date of accession Source of acquisition Total Checkouts Full call number Barcode Date last seen Copy number Thesis
Dewey Decimal Classification   Not For Loan Theses Central Library, University of Rajshahi Central Library, University of Rajshahi Documentation Section 18/12/2014 Controller of Exam. R.U.   THE 354.2794 MAE 2013 D3725 15/09/2022 C-1 Theses